00598nam a22002177a 450000500170000001000110001702000100002803500110003803700160004904000120006508200150007710000230009224500540011524600060016926000440017527000500021930000310026950000510030065000090035165000200036020170124110216.0 a168508 c00.00 a168508 bCen Lib/Ret aDPLbEN a553.8bWEI aWeinstein, Michael aThe world of jewel stones /cby Michael Weinstein b  bSir ISAAC Pitman and Sonsc1959aLondon bLondonaPitman House, Parker Street, Kingsway aix,388p. :c22cm(Hb)bill. aIncludes bibliographical references and index  aGems aPrecious stones